Statistiques concernant Paroles Jul - La Classe

Cliquez ici pour prendre le quiz!

Statistiques générales

  • Ce quiz a été pris 180 fois
    (171 depuis la dernière actualisation)
  • Le résultat moyen est 207 sur 427

Statistiques - réponses

Réponse% Correct
97%
la
97%
me
95%
jour
92%
que
92%
Que
92%
en
91%
Je
91%
je
91%
journée
91%
plus
91%
tout
91%
a
90%
A
90%
à
90%
fumette
90%
On
90%
on
90%
es
89%
est
89%
Le
89%
le
89%
même
89%
toute
89%
j'suis
88%
J'suis
88%
quel
88%
pas
87%
de
86%
Et
86%
et
86%
j'ai
86%
J'ai
86%
J'sais
86%
nié
86%
les
85%
mes
85%
un
84%
Un
84%
y
84%
Avoue
82%
avoué
82%
peu
81%
font
80%
y'a
80%
Y'a
80%
ça
79%
sons
79%
dans
78%
Dans
78%
tourner
76%
voiture
76%
poulets
75%
tu
73%
Tu
73%
Miel
71%
d'Jack
65%
va
63%
Il
60%
il
60%
Arah
59%
vas
59%
finir
56%
J'me
56%
noie
54%
si
54%
troué
54%
ton
53%
comme
52%
nier
52%
mon
51%
qu'un
51%
bouée
49%
but
49%
corps
49%
cagoulés
48%
Fallait
48%
souhait
48%
Trop
48%
trop
48%
peux
47%
soulier
47%
te
46%
sous
45%
palier
44%
sur
43%
faut
42%
game
42%
coeur
41%
j'l'ai
41%
rien
41%
déchiré
40%
ils
40%
Ils
40%
balayé
38%
ce
38%
MC
38%
sont
38%
ai
37%
au
37%
j'irai
36%
jnounés
36%
d'ennemis
35%
ennemi
35%
35%
potes
35%
ces
34%
cirer
34%
veut
34%
canon
33%
des
33%
trahi
33%
folles
32%
Quand
32%
quand
32%
qui
32%
chaviré
31%
d'alliés
31%
d'mon
31%
J'en
31%
l'passé
31%
pompes
31%
scié
31%
C'est
30%
l'ami
30%
shmitts
30%
S'il
30%
touché
30%
arrive
29%
clip
29%
du
29%
prend
29%
t'a
29%
vous
29%
m'les
27%
mourir
27%
balle
26%
fais
26%
fait
26%
l'iceberg
26%
moi
26%
Moi
26%
pute
26%
Mercé
25%
fuite
24%
givrés
24%
J'peux
24%
prennent
24%
sen
24%
une
24%
dis
23%
ex
23%
minots
22%
non
22%
ballec'
21%
buzz
21%
J'm'en
21%
tous
21%
avec
20%
Avec
20%
magie
20%
mais
20%
Ouais
20%
ouais
20%
par
20%
veux
20%
Aaliyah
19%
Embrouille
19%
GTA
19%
gyros
19%
m'as
19%
mis
19%
quillé
19%
Toto
19%
j'étais
18%
J'fais
18%
J'savais
18%
toi
18%
toujours
18%
Toujours
18%
traverser
18%
autre
16%
dossard
16%
feux
16%
gros
16%
j'serais
16%
Levez
16%
m'achète
16%
machin
16%
n'est
16%
trahir
16%
billets
15%
j'mouille
15%
micro
15%
personne
15%
Pirlo
15%
veulent
15%
beaucoup
14%
eux
14%
lulu
14%
Panamera
14%
rappeur
14%
Sosa
14%
T'as
14%
comiques
13%
J'fume
13%
machine
13%
M'lécher
13%
nez
13%
rêve
13%
sirop
13%
Bah
12%
biatches
12%
buter
12%
coup
12%
joint
12%
J'vais
12%
J'veux
12%
j'veux
12%
malheur
12%
maquillé
12%
mettre
12%
miss
12%
reviendra
12%
Sangoku
12%
t'étais
12%
vu
12%
gamberge
11%
ira
11%
l'Tony
11%
m'avoir
11%
monde
11%
acteurs
10%
chantent
10%
comment
10%
jiro
10%
juste
10%
Schiro
10%
forts
9%
grillé
9%
habillé
9%
J'brûlais
9%
l'heure
9%
loin
9%
main
9%
parle
9%
t'faire
9%
Trahis
9%
Vis
9%
celle
8%
clips
8%
haine
8%
killer
8%
m'dégoutes
8%
survêt
8%
Asics
7%
assuré
7%
J'reviens
7%
J'te
7%
l'OM
7%
miracles
7%
nourrie
7%
problèmes
7%
manges
5%
poème
5%
pourris
5%
risques
4%
t'écrire
4%
chanter
3%
T'façon
2%
t'mettre
2%
Vas-y
2%

Distribution des résultats

Percentile par nombre de réponses

% des personnes avec chaque résultat

Votre développement - résultats

Vous n’avez pas pris ce quiz depuis la dernière actualisation